| 000 | 00586nam a2200193 i 4500 | ||
|---|---|---|---|
| 001 | 65017 | ||
| 003 | ES-MaACL | ||
| 005 | 20240224062537.0 | ||
| 007 | t| | ||
| 008 | 040108s1934 xxk ||||1| eng d | ||
| 100 | 1 |
_aFrank, Bruno. _952300 |
|
| 245 | 1 | 2 |
_aA man called Cervantes / _cby Bruno Frank ; translated by H. J. Lowe-Porter. |
| 260 |
_aLondon : _bCassell and Company, _c1934. |
||
| 300 |
_aVIII, 301 p. ; _c19 cm. |
||
| 600 | 1 | 4 |
_aCervantes Saavedra, Miguel de, _d1547-1616 _9226514 |
| 700 | 1 |
_aLowe-Porter, H. T. _974377 |
|
| 852 |
_aES-MaACL _jA-3036 |
||
| 999 |
_c65017 _d65017 |
||